Statistiques concernant Mot mystérieux- Série 65

Cliquez ici pour prendre le quiz!

Statistiques générales

  • Ce quiz a été pris 63 fois
  • Le résultat moyen est 4 sur 10

Statistiques - réponses

IndicesMot% Correct
dialogue - pot - muet - taupesourd
91%
digestif - gastrique - pancréatique - nucléairesuc
56%
sourds - carmélites - absence - boitedialogue
47%
pas - tour - fixation - platinéevis
45%
printemps - mer - cheminée - nidhirondelle
42%
kangourou - bain - fête - cotonslip
38%
irlandais - anglais - gordon - lemonsetter
18%
ronde - farcie - nice - diamantcourgette
15%
France - rural - couvert - droitgite
15%
gloire - succès - progrès - amourrançon
15%

Distribution des résultats

Percentile par nombre de réponses

% des personnes avec chaque résultat

Votre développement - résultats

Vous n’avez pas pris ce quiz